Word Ladder - Statistics

General Stats
  • This quiz has been taken 14 times
  • The average score is 15 of 25
Answer Stats
Definition/description Answer % Correct
_____ Hawk Down, 2001 war movie BLACK
79%
Obstruct BLOCK
79%
Timepiece CLOCK
79%
Extract natural gas using high-pressure water and sand FRACK
71%
Crop or small particle GRAIN
71%
Crotch GROIN
71%
(E.g.) cumulus, stratus, cumulonimbus CLOUD
64%
Criticism, negative comments FLACK
64%
Exasperated or pained outcry GROAN
64%
Follow back to source TRACE
64%
Monitor, hunt TRACK
64%
Locomotive TRAIN
64%
Organ affected by encephalitis BRAIN
57%
Fight involving numerous people BRAWL
57%
Muscle, brute strength BRAWN
57%
To be buoyant FLOAT
57%
Passage or brief piece of writing TRACT
57%
Vocally, audibly ALOUD
50%
Violate or ignore rules FLOUT
50%
Brag, taunt GLOAT
50%
Medieval English coin GROAT
50%
Slowly and methodically search (e.g. for fish) TRAWL
50%
Influence (colloquially) CLOUT
43%
Pathway, route TRAIL
43%
Tendency or genetic trend TRAIT
43%
No matching quizzes found
Score Distribution
Percent of People with Each Score
Percentile by Number Answered
Your Score History
You have not taken this quiz